[Papers of the national seminar on built environment : Sustainability through management and technology held at The Legend Hotel, Kuala Lumpur on 5-6 august 2002 ]

Bibliographic Details
Corporate Author: Universiti Islam Antarabangsa Malaysia
Format: Book
Published: 2002
Subjects:

MARC

LEADER 00000cam a2200000 7i4500
001 0000016057
005 20060214.0
040 |a INS 
090 0 0 |a S168 2002 
245 1 0 |a [Papers of the national seminar on built environment :   |b Sustainability through management and technology held at The Legend Hotel, Kuala Lumpur on 5-6 august 2002 ] 
260 |a 2002 
300 |a 1v. [various pagings] ;   |c 30cm. 
500 |a Organised by: Kulliyyah of Architecture & Environmental Design, Universiti Islam Antarabangsa Malaysia 
650 0 0 |a Architecture   |x Environmental aspects   |x Congresses 
650 0 0 |a Cities and towns   |x Environmental aspects   |x Congresses 
650 0 0 |a City planning   |x Environmental aspects   |x Congresses 
710 1 |a Universiti Islam Antarabangsa Malaysia ,   |c Kulliyyah of Architecture & Environmental Design 
999 |a S000000311   |b BOOK   |c Open Shelf   |e Default branch